Statistiques concernant Meilleurs buteurs de l'histoire de la coupe du monde

Cliquez ici pour prendre le quiz!

Statistiques générales

  • Ce quiz a été pris 117 fois
  • Le résultat moyen est 10 sur 31

Statistiques - réponses

Nombre de butsNationalitéMatchsCoupe du mondeRéponse% Correct
13Argentine265Lionel Messi
95%
12France142Kylian Mbappé
91%
14Allemagne de l'ouest132Gerd Müller
90%
15Brésil194Ronaldo
90%
10Allemagne194Thomas Müller
89%
12Brésil144Pelé
87%
13France61Just Fontaine
80%
16Allemagne244Miroslav Klose
80%
8Argentine213Diego Maradona
59%
9Portugal61Eusebio
37%
8Brésil192Rivaldo
35%
9Espagne123David Villa
30%
9Italie163Roberto Baggio
25%
10Argentine123Gabriel Batistuta
18%
10Angleterre122Gary Lineker
18%
9Italie143Paolo Rossi
17%
9Allemagne de l'ouest193Karl-Heinz Rummenigge
15%
8Allemagne de l'ouest153Rudi Völler
14%
9Brésil163Jairzinho
11%
11Hongrie51Sandor Kocsis
11%
9Italie92Christian Vieri
9%
11Allemagne de l'ouest173Jürgen Klinsmann
9%
9Brésil102Vava
8%
8Brésil52Leonidas
6%
8Brésil61Ademir
4%
10Pologne203Grzegorz Lato
4%
10Allemagne de l'ouest102Helmut Rahn
4%
8Argentine41Guillermo Stabile
3%
10Pérou133Teofilo Cubillas
3%
8Uruguay72Oscar Miguez
2%
9Allemagne de l'ouest214Uwe Seeler
2%

Distribution des résultats

Percentile par nombre de réponses

% des personnes avec chaque résultat

Votre développement - résultats

Vous n’avez pas pris ce quiz